Magic the Gathering : Planeswalkers ayant eu au moins une carte - Statistiques

Statistiques générales
  • Ce quiz a été pris 113 fois
    84 depuis la dernière actualisation
  • Le résultat moyen est 21 sur 81
Statistiques - réponses
Réponse % Correct
Chandra Nalaar
89%
Ajani Goldmane
85%
Jace Beleren
78%
Liliana Vess
74%
Nicol Bolas
63%
Nissa Revane
57%
Ugin
57%
Elspeth Tirel
50%
Sorin Markov
48%
Vraska
48%
Garruk Languebestion
43%
Ral Zarek
43%
Tamiyo
43%
Gideon Jura
41%
Vivien
41%
Tezzeret
39%
Ashiok
37%
Jaya Ballard
37%
Karn
37%
Tefeiri
37%
Narset
35%
Urza
35%
Kaya
33%
Ob Nixilis
30%
Domri Rade
28%
Dovin
28%
Kaito Shizuki
28%
Oko
28%
Saheeli Rai
28%
Tibalt
28%
Lukka
26%
Sarkhan Vol
26%
Wrenn
26%
Aminatou
24%
La Vagabonde
24%
Nahiri
24%
Teyo
24%
Angrath
22%
Huatli
22%
Kiora
22%
Mu Yangling
22%
Niko Aris
22%
Seigneur Vent des Vertus
22%
Venser
22%
Freyalise
20%
Grist
20%
Minsc & Boo
20%
Basri Ket
17%
Dack Fayden
17%
Daretti
17%
Koth
17%
Lolth
17%
Rowan Kenrith
17%
Serra
17%
Will Kenrith
17%
Tevesh Szat
15%
Tyvar
15%
Davriel
13%
Dihada
13%
Elminster
13%
Kasmina
13%
Quintorius
13%
Samut
13%
Xenagos
13%
Arlinn Kord
11%
Calix
11%
Commodore Guff
11%
Grand Maître des Fleurs
11%
Tasha
11%
Ellywick Grattechambard
9%
Estrid
9%
Jared Carthalion
9%
Jeska
9%
Jiang Yanggu
9%
Mordenkainen
9%
Vronos
9%
Zariel
9%
Sivitri
7%
B.O.B
4%
Comet
2%
Dakkon
2%
Aucun quiz correspondant
Distribution des résultats
% des personnes avec chaque résultat
Percentile par nombre de réponses
Votre historique - résultats
Vous n’avez pas pris ce quiz depuis la dernière actualisation